[Event "ACL-A656"]
[Site "www.playchess.de"]
[Date "2006.02.14"]
[Round "2"]
[White "M_L"]
[Black "PrinceKheldar"]
[WhiteElo "1501"]
[BlackElo "1868"]
[PlyCount "43"]
[Result "1-0"]

1.e4 {Good game!}  c6 2.d4 d5 3.e5 Bf5 4.Nf3 e6 
5.Be2 Ne7 6.O-O h6 7.Nbd2 Nd7 8.c4 Qc7 9.a4 Ng6 
10.cxd5 cxd5 11.Ne1 Rc8 12.g4 Bc2 13.Nxc2 Qxc2 
14.Qxc2 Rxc2 15.Bd3 Rc6 16.f4 h5 17.g5 Bb4 18.f5 
Nh4 19.fxe6 fxe6 20.Nf3 Nf5 21.a5 g6 
22.Ra4 1-0

[Event "HCL-A2551"]
[Site "www.playchess.de"]
[Date "2006.02.14"]
[Round "6"]
[White "hal1958"]
[Black "KingGeorge"]
[WhiteElo "1483"]
[BlackElo "1581"]
[PlyCount "121"]
[Result "1-0"]

1.b4 {have a nice game}  e5 2.Bb2 f6 3.a3 d5 4.e3 
Bd6 5.c4 Ne7 6.c5 Be6 7.cxd6 {Happy Newyear}  cxd6 
8.Nf3 Nd7 9.h3 Rc8 10.Be2 O-O 11.O-O g5 12.Nh2 Ng6 
13.d3 Rf7 14.Ng4 Qf8 15.Nd2 f5 16.Nh2 Nf6 17.Ndf3 
h6 18.Rc1 g4 19.hxg4 fxg4 20.Nd2 h5 21.g3 Qh6 
22.Rxc8+ Bxc8 23.Qc1 Be6 24.e4 d4 25.a4 d5 26.Nb3 
Qf8 27.Qc5 Qh6 28.Bc1 Qg7 29.Qxa7 dxe4 30.Nc5 Bd5 
31.dxe4 Nxe4 32.Nxe4 Bxe4 33.Bc4 h4 34.Bxf7+ Qxf7 
35.Nxg4 Qf3 36.Qb8+ Nf8 37.Nh6+ Kh8 38.Qxe5+ Kh7 
{(offering draw)}  39.Qe7+ {I want to try a few 
possibilities before acceoting draw}  Kh8 40.Nf7+ 
Kg8 41.Nh6+ Kh8 42.Nf7+ Kg8 43.Qg5+ Kxf7 44.Qf4+ 
Kg6 45.Qxf3 Bxf3 46.gxh4 Kf5 47.Kh2 Ng6 48.Kg3 Ne5 
49.Re1 Nd3 50.Rg1 Be2 51.Bd2 Nb2 52.a5 Nc4 53.Re1 
d3 54.Bc3 Nd6 55.f3 Nb5 56.Bd2 Nd4 57.Rxe2 Nxe2+ 
58.Kf2 Kg6 59.Ke3 Ng1 60.Kxd3 Nxf3 
61.Bg5 1-0

[Event "HCL-E1546"]
[Site "www.playchess.de"]
[Date "2006.02.14"]
[Round "34"]
[White "PLAYCHESS1963"]
[Black "Harijs"]
[WhiteElo "1707"]
[BlackElo "1832"]
[PlyCount "40"]
[Result "0-1"]

1.e4 e5 2.Nf3 Nf6 3.Nc3 Nc6 4.Bc4 Nxe4 5.Bxf7+ 
Kxf7 6.d3 Nxc3 7.bxc3 {Such a move I made...}  Be7 
8.O-O Rf8 9.Re1 d6 10.d4 Kg8 11.h3 Bf6 12.Rb1 Qe7 
13.d5 Nd8 14.c4 Qf7 15.a4 Qe8 16.Nd2 Qxa4 17.Rb3 
Bh4 18.g3 Bg5 19.Qh5 Bxd2 20.Bxd2 
Qxc4 0-1

[Event "HCL-B3858"]
[Site "www.playchess.de"]
[Date "2006.02.14"]
[Round "2"]
[White "seisan"]
[Black "evets"]
[WhiteElo "1392"]
[BlackElo "1392"]
[PlyCount "45"]
[Result "1-0"]

1.e4 e6 2.d4 d5 3.e5 c5 4.c3 Qb6 5.Qb3 Qxb3 6.axb3 
Nc6 7.Bb5 Bd7 8.Bf4 Rc8 9.Ne2 a6 10.Bxc6 Bxc6 
11.O-O cxd4 12.cxd4 Bb5 13.Nbc3 Bxe2 14.Nxe2 Rc2 
15.Ng3 Rxb2 16.Rfc1 Ne7 17.Rc7 Rxb3 18.Bg5 Nc6 
19.Rc1 f6 20.exf6 Kd8 21.fxg7+ Kxc7 22.gxh8Q Ba3 
23.Qd8+ 1-0

[Event "HCL-C4076"]
[Site "www.playchess.de"]
[Date "2006.02.14"]
[Round "8"]
[White "Nutz"]
[Black "Thrustnicely"]
[WhiteElo "1088"]
[BlackElo "960"]
[PlyCount "57"]
[Result "1-0"]

1.e4 {Hello again}  e5 {Hi , one each so far !!}  
2.Nf3 {Yep... sort of like a decider then :)}  f6 
{one of many}  3.Bc4 {Yep :)}  Bc5 4.d3 h5 5.Be3 
Bxe3 6.fxe3 Ne7 7.d4 Nec6 8.d5 Na5 9.Na3 c6 10.O-O 
b5 11.Bb3 Ba6 12.c4 bxc4 13.Ba4 Qb6 14.dxc6 Nbxc6 
15.Qd5 Qxe3+ 16.Rf2 c3 17.b4 Rb8 18.bxa5 Rb2 
19.Raf1 Bxf1 20.Nc2 {Oh Bugger... didn't see that 
:(}  Qc1 {This is Damn Tricky !!}  21.Rxf1 {Yrah, 
It is}  Qh6 22.Bxc6 dxc6 23.Qxc6+ Kf7 24.Qxc3 Rhb8 
25.Nxe5+ Ke6 26.Nc6 Rxc2 27.Nd4+ Ke5 28.Nxc2+ Kxe4 
29.Qd4+ {Thanks for the Game... 2-1 to me... play 
you again soon}  1-0

[Event "HCL-E1578"]
[Site "www.playchess.de"]
[Date "2006.02.14"]
[Round "3"]
[White "Dr_Matt"]
[Black "XANDERKIRV"]
[WhiteElo "2001"]
[BlackElo "1497"]
[PlyCount "49"]
[Result "1-0"]

1.e4 c5 2.c3 e6 3.Nf3 d6 4.d4 cxd4 5.cxd4 a6 6.Bd3 
b5 7.O-O Bb7 8.Qb3 Qc8 9.Be3 Be7 10.Rc1 Qd7 11.a4 
bxa4 12.Rxa4 Nc6 13.Qa2 d5 14.Ne5 Nxe5 15.dxe5 
dxe4 16.Bxa6 Rc8 17.Rxc8+ Bxc8 18.Rd4 Qc6 19.Bf1 
Qb7 20.Nc3 Nh6 21.Qa4+ Kf8 22.Bxh6 gxh6 23.Nxe4 
Rg8 24.Nf6 Rg7 25.Qe8+ 1-0

[Event "HCL-M887"]
[Site "www.playchess.de"]
[Date "2006.02.14"]
[Round "8"]
[White "Tapiwa"]
[Black "Hamburger"]
[WhiteElo "1938"]
[BlackElo "1826"]
[PlyCount "65"]
[Result "1-0"]

1.e4 c5 {Hi. Nice to meet you. Good luck.}  2.Nf3 
d6 3.d4 {best wishes to you too.}  cxd4 4.Nxd4 Nf6 
5.Nc3 g6 6.Bc4 Bg7 7.O-O O-O 8.f3 a6 9.Be3 b5 
10.Bb3 Bb7 11.a4 b4 12.Na2 a5 13.c3 bxc3 14.Nxc3 
Nc6 15.Ndb5 Nb4 16.Qe2 Ba6 17.Rfd1 Nd7 18.Rac1 Rc8 
19.f4 Nc5 20.Bc4 Bxb5 21.axb5 e6 {(offering draw) 
What do you think about a draw?}  22.Qg4 {Lets 
play a bit longer.}  Qe7 {ok.}  23.Bf2 Nxe4 
24.Nxe4 d5 25.Qe2 dxe4 26.Qxe4 Bxb2 27.Rcb1 Qf6 
28.b6 Qf5 29.Qxf5 gxf5 30.Bxe6 fxe6 31.Rxb2 Rfd8 
32.Rxd8+ Rxd8 33.Be1 1-0

[Event "HCL-A2543"]
[Site "www.playchess.de"]
[Date "2006.02.14"]
[Round "4"]
[White "alvimrf"]
[Black "Wernswig"]
[WhiteElo "1784"]
[BlackElo "1423"]
[PlyCount "63"]
[Result "1-0"]

1.c4 e5 {hello, good luck}  2.Nc3 {good luck}  c5 
3.Nf3 d6 4.e3 Bf5 5.d4 cxd4 6.exd4 Nd7 7.Be2 Ngf6 
8.dxe5 dxe5 9.Bg5 Be7 10.O-O O-O 11.Qb3 a5 12.Rfd1 
Qb6 13.Qxb6 Nxb6 14.Nxe5 h6 15.Be3 Nbd7 16.Nxd7 
Nxd7 17.Rd5 Be6 18.Rb5 Rfc8 19.Rxb7 Rcb8 20.Rxb8+ 
Rxb8 21.b3 Bf6 22.Rc1 Ne5 23.Nd5 Bxd5 24.cxd5 Nd7 
25.Rc7 Nb6 26.Bh5 g6 27.Bf3 Re8 28.Kf1 Bc3 29.Rxc3 
{???}  Nd7 30.Bxh6 Ne5 31.Re3 Nxf3 
32.Rxe8+ 1-0

[Event "HCL-C4109"]
[Site "www.playchess.de"]
[Date "2006.02.14"]
[Round "15"]
[White "Skipper_Robert"]
[Black "JMD"]
[WhiteElo "997"]
[BlackElo "1293"]
[PlyCount "116"]
[Result "0-1"]

1.d4 {Hallo!}  Nf6 {hello from Paris}  2.e3 d5 
3.Bd3 a6 4.Nc3 Nc6 5.a3 e6 6.h3 Bd6 7.Nf3 O-O 
8.Bd2 b5 9.b4 Qe7 10.Qe2 Bb7 11.e4 dxe4 12.Nxe4 
Nd5 13.c3 f5 14.Nxd6 cxd6 15.c4 bxc4 16.Bxc4 Nd8 
17.Bg5 Nf6 18.O-O h6 19.Bxf6 Qxf6 20.Rad1 d5 
21.Bd3 Nf7 22.Rdc1 Rfc8 23.Qd2 Nd6 24.Rfe1 Nc4 
25.Qe2 Rc6 26.Bxc4 dxc4 27.Rxc4 Rxc4 28.Qxc4 Bd5 
29.Qd3 Be4 30.Qe3 Rc8 31.Rc1 Qd8 32.g4 Rxc1+ 
33.Qxc1 Bxf3 34.Qc4 Bd5 35.Qxa6 fxg4 36.hxg4 Qh4 
37.f3 Qg3+ 38.Kf1 Qxf3+ 39.Ke1 Qc3+ 40.Kf2 Qxd4+ 
41.Kg3 Qe3+ 42.Kh4 Qg5+ 43.Kg3 h5 44.Qc8+ Kh7 
45.b5 Qxg4+ 46.Kf2 Qf3+ 47.Ke1 Qxa3 48.Qe8 Qb4+ 
49.Ke2 Bc4+ 50.Ke3 Qc5+ 51.Ke4 Qd5+ 52.Kf4 Bxb5 
53.Qb8 Qf5+ 54.Ke3 h4 55.Qb6 Qe5+ 56.Kf3 Qe2+ 
57.Kf4 h3 58.Kg3 {last move for today, good night} 
 h2 0-1

[Event "HCL-A2504"]
[Site "www.playchess.de"]
[Date "2006.02.14"]
[Round "10"]
[White "yannick"]
[Black "ppadala"]
[WhiteElo "1553"]
[BlackElo "1333"]
[PlyCount "68"]
[Result "0-1"]

1.b4 e5 2.Bb2 Bxb4 3.Bxe5 Nf6 4.c4 Nc6 5.Bb2 O-O 
6.e3 d5 7.Nf3 Bg4 8.cxd5 Nxd5 9.a3 Ba5 10.Bd3 Re8 
11.O-O Ne5 12.Bxe5 Rxe5 13.Qc2 Rh5 14.Be4 c6 
15.Nc3 Nf6 16.h3 Be6 17.Bd3 Qd7 18.Ne4 Nxe4 
19.Bxe4 Rd8 20.d4 Bxh3 21.Ne5 Qe6 22.Qa4 Bc7 23.f4 
f6 24.gxh3 fxe5 25.Qxa7 exf4 26.Bf3 Rxh3 27.exf4 
Bxf4 28.Rfe1 Qg6+ 29.Bg2 Bh2+ 30.Kf1 Qf5+ 31.Ke2 
Re8+ 32.Be4 Qxe4+ 33.Kd2 Qd3+ 34.Kc1 
Rxe1+ 0-1

[Event "HCL-A2602"]
[Site "www.playchess.de"]
[Date "2006.02.14"]
[Round "7"]
[White "PhilipKaveny"]
[Black "dynamike"]
[WhiteElo "1318"]
[BlackElo "1475"]
[PlyCount "33"]
[Result "1-0"]

1.e4 c5 2.d4 {We meet again}  cxd4 3.c3 {I alsmost 
beat a good player with this last time :)}  d3 
{... and I did never loose when I played black 
with this :-)}  4.Bxd3 Nc6 5.Nf3 {I often lose}  
Qc7 6.O-O d6 7.Re1 Bg4 8.h3 Bh5 9.Nbd2 Nf6 10.Nc4 
b5 11.Ne3 a6 12.Bd2 Ne5 13.Be2 Nxf3+ 14.Bxf3 Bxf3 
15.Qxf3 e6 16.e5 Nd5 17.Nxd5 1-0

[Event "HCL-A2590"]
[Site "www.playchess.de"]
[Date "2006.02.14"]
[Round "13"]
[White "dynamike"]
[Black "lunchpail"]
[WhiteElo "1442"]
[BlackElo "1396"]
[PlyCount "45"]
[Result "0-1"]

1.e4 e5 2.Nf3 d6 3.Nc3 Be7 4.Bc4 Nf6 5.O-O O-O 
6.Re1 Nc6 7.d4 Bg4 8.dxe5 Nxe5 9.Be2 Ne8 10.h3 
Nxf3+ 11.Bxf3 Be6 12.e5 dxe5 13.Bxb7 Rb8 14.Qxd8 
Bxd8 15.Bf3 f6 16.Ne4 Be7 17.b3 Nd6 18.Nc5 Bc8 
19.Bd5+ Kh8 20.f4 Nf5 21.Ne6 Bxe6 22.Bxe6 Nd4 
23.fxe5 0-1

[Event "HCL-B3878"]
[Site "www.playchess.de"]
[Date "2006.02.14"]
[Round "4"]
[White "Sporang"]
[Black "dg"]
[WhiteElo "993"]
[BlackElo "1187"]
[PlyCount "88"]
[Result "0-1"]

1.e4 e5 2.Nf3 {good luck!}  d6 3.Bc4 Bg4 4.h3 Bxf3 
5.Qxf3 Qf6 6.Qxf6 Nxf6 7.d3 Nc6 8.O-O Nd4 9.Nc3 
Nxc2 10.Rb1 Be7 11.b3 Nb4 12.a3 Nc2 13.Rd1 Nd4 
14.Be3 O-O 15.Bxd4 exd4 16.Ne2 c5 17.b4 b6 18.bxc5 
dxc5 19.Rde1 h6 20.Ng3 Bd8 21.Nf5 Bc7 22.e5 Nh7 
23.Re4 Rae8 24.Rbe1 Ng5 25.R4e2 Ne6 26.Bb5 Red8 
27.Bc4 a5 28.R2e4 Rdb8 29.Rg4 g6 30.Bxe6 fxe6 
31.Ne7+ Kh7 32.Nxg6 Rfg8 33.Nf4 Rxg4 34.hxg4 Re8 
35.Nh5 Kg6 36.Nf6 Rf8 37.Nh5 Kg5 38.f3 b5 39.Rc1 
Bb6 40.Kf2 b4 41.axb4 cxb4 42.Rc6 Rb8 43.Rxe6 b3 
44.Rc6 b2 0-1

[Event "HCL-M869"]
[Site "www.playchess.de"]
[Date "2006.02.14"]
[Round "23"]
[White "DANTONIFAYARD"]
[Black "Vince"]
[WhiteElo "1693"]
[BlackElo "1744"]
[PlyCount "73"]
[Result "1-0"]

1.d4 d5 {Hi again...}  2.c4 {HELLO...MOVE IT!!!}  
e6 3.Nc3 Nf6 4.Nf3 Be7 5.e3 Bb4 6.a3 Bxc3+ 7.bxc3 
O-O 8.cxd5 Qxd5 9.c4 Qh5 10.Be2 Nc6 11.Ne5 Qf5 
12.g4 Qg5 13.h4 Qxe5 {Help me...}  14.dxe5 {HOW 
CAN I HELP YOU? I HAVE LOST TWO COSECUTIVE 
GAMES...}  Nxe5 {I was just joking...it is my own 
mistake...}  15.Qd4 {OK...GO AHEAD!!!}  Nc6 16.Qc3 
e5 17.f3 Be6 18.Bb2 Rfd8 19.h5 g6 20.hxg6 hxg6 
21.Kf2 Bxg4 22.Rag1 Bf5 23.Qc1 Be6 24.e4 Kf8 25.a4 
a5 26.Qg5 Nd7 27.Rh8+ Kg7 28.Qh6+ Kf6 29.Bc1 Ke7 
30.Qh4+ f6 31.Rh7+ Bf7 32.Rxg6 Rdf8 33.Rgg7 Nd8 
34.c5 c6 35.Bc4 b6 36.Qh5 bxc5 
37.Bxf7 1-0

[Event "HCL-E1536"]
[Site "www.playchess.de"]
[Date "2006.02.14"]
[Round "16"]
[White "PLAYCHESS1963"]
[Black "kendo"]
[WhiteElo "1692"]
[BlackElo "1616"]
[PlyCount "39"]
[Result "1-0"]

1.e4 e6 2.d4 d5 3.exd5 exd5 4.Nf3 Nf6 5.Bg5 Be7 
6.Bxf6 Bxf6 7.Be2 O-O 8.O-O Bf5 9.c3 Nd7 10.Qb3 
Nb6 11.a4 a5 12.Nbd2 Re8 13.Rfe1 Re7 14.Bf1 Rxe1 
15.Rxe1 Qd7 16.Bb5 Qd6 17.Nf1 h5 18.Ne3 Be4 19.Nd2 
Re8 20.Bxe8 1-0

[Event "HCL-B3849"]
[Site "www.playchess.de"]
[Date "2006.02.14"]
[Round "10"]
[White "garden"]
[Black "nico21"]
[WhiteElo "1084"]
[BlackElo "1512"]
[PlyCount "84"]
[Result "0-1"]

1.e4 e5 2.Nf3 Nc6 3.Be2 Nf6 4.O-O d5 5.Bb5 dxe4 
6.Nxe5 Qd5 7.Bxc6+ bxc6 8.d4 Bd6 9.c4 Qe6 10.c5 
Bxe5 11.dxe5 Qxe5 12.Be3 Qxb2 13.Bd4 Qb4 14.Bxf6 
gxf6 15.Qc2 O-O 16.Qc3 Qxc3 17.Nxc3 f5 18.f4 Re8 
19.Rae1 Ba6 20.Rf2 Rad8 21.Re3 Rd3 22.Rg3+ Rxg3 
23.hxg3 Rd8 24.Rb2 Rd3 25.Ne2 Rd1+ 26.Kf2 Bxe2 
27.Kxe2 Rc1 28.Rb8+ Kg7 29.Rc8 Rxc5 30.Rxc7 Rc2+ 
31.Kf1 Rxa2 32.Rxc6 a5 33.Kg1 a4 34.Kh2 e3 35.Rc5 
f6 36.Rc7+ Kg6 37.Rc1 e2 38.Re1 a3 39.Kg1 Rb2 
40.Kf2 a2 41.Ra1 e1Q+ 42.Kxe1 Rb1+ 0-1

[Event "HCL-B3868"]
[Site "www.playchess.de"]
[Date "2006.02.14"]
[Round "12"]
[White "Rochade_III"]
[Black "Snillie"]
[WhiteElo "964"]
[BlackElo "1504"]
[PlyCount "42"]
[Result "0-1"]

1.e4 d6 2.d4 Nf6 3.Nc3 g6 4.Nf3 Bg7 5.Be3 c6 6.Bc4 
b5 7.Bb3 b4 8.e5 dxe5 9.dxe5 bxc3 10.bxc3 Nd5 
11.c4 Nxe3 12.fxe3 O-O 13.O-O Bg4 14.c5 Na6 
15.Qxd8 Raxd8 16.Ng5 e6 17.h3 Be2 18.Rfe1 Bh5 
19.g4 Bxe5 20.gxh5 Bxa1 21.Bxe6 
Bc3 0-1

[Event "HCL-A2543"]
[Site "www.playchess.de"]
[Date "2006.02.14"]
[Round "19"]
[White "Wernswig"]
[Black "GCP"]
[WhiteElo "1423"]
[BlackElo "1451"]
[PlyCount "107"]
[Result "1-0"]

1.e4 {hello, have a nice game}  d6 {hi, the same 
to you}  2.f4 Nf6 3.Nc3 g6 4.Nf3 Bg7 5.Bc4 c6 
6.O-O b5 7.Bb3 b4 8.Ne2 Nxe4 9.d3 Nc5 10.Be3 Nxb3 
11.axb3 Bxb2 12.Rxa7 Rxa7 13.Bxa7 Nd7 14.Bd4 Bxd4+ 
15.Nexd4 c5 16.Ne2 O-O 17.Qe1 Nf6 18.Qh4 Bg4 
19.Ng3 Bxf3 20.Rxf3 Qd7 21.Ne4 Nxe4 22.dxe4 Ra8 
23.Qh6 e5 24.Rh3 f6 25.c4 Qg7 26.Qh4 g5 27.fxg5 
fxg5 28.Qg4 Qg6 29.Rg3 h6 30.h4 Rf8 31.hxg5 h5 
32.Qh4 {(offering draw)}  Rf4 33.Qh3 h4 34.Rg4 
Qxe4 35.Rxf4 exf4 36.Qc8+ Kf7 37.Qd7+ Qe7 38.Qf5+ 
Kg7 39.Qxf4 Kg6 40.Qxh4 Qe3+ 41.Kh2 Qxb3 42.Qh6+ 
Kf5 43.Qxd6 Qxc4 44.Qf6+ Kg4 45.g6 Qg8 46.g7 Qb8+ 
47.Kh1 Qg8 48.Qh6 Qe8 49.Qh3+ Kf4 50.Qf3+ Kg5 
51.g8R+ Qxg8 {what a blunder !!!  2 or 3 moves and 
no more, good game}  52.Qg3+ Kf5 53.Qxg8 Ke5 
54.Qc4 1-0

[Event "HCL-E1550"]
[Site "www.playchess.de"]
[Date "2006.02.14"]
[Round "7"]
[White "ALUISIO"]
[Black "Pijean"]
[WhiteElo "1645"]
[BlackElo "1714"]
[PlyCount "49"]
[Result "1-0"]

1.c4 {GOOD GAME!}  c5 {good gale to you too!}  
2.Nc3 Nc6 3.Nf3 e6 4.d4 cxd4 5.Nxd4 Nf6 6.Bg5 Be7 
7.e4 h6 8.Be3 a6 9.Bd3 d5 10.cxd5 exd5 11.Nxc6 
bxc6 12.exd5 cxd5 13.Be2 Bb7 14.O-O O-O 15.Bd4 Ne4 
16.Nxe4 dxe4 17.Be3 Qa5 18.Qd7 Bf6 19.Qxb7 Rfb8 
20.Qxe4 Bxb2 21.Rad1 Qxa2 22.Bd3 g5 23.Qh7+ Kf8 
24.Bc5+ Ke8 25.Rfe1+ 1-0

[Event "HCL-B3759"]
[Site "www.playchess.de"]
[Date "2006.02.14"]
[Round "22"]
[White "dc"]
[Black "GCP"]
[WhiteElo "885"]
[BlackElo "1459"]
[PlyCount "62"]
[Result "0-1"]

1.d4 {:-)}  Nf6 {good tournament}  2.Nc3 g6 3.e4 
d6 4.d5 Bg7 5.Nf3 c6 6.Bc4 b5 7.Bb3 b4 8.Na4 Nxe4 
9.Ng5 Nxg5 10.Bxg5 c5 11.c3 bxc3 12.bxc3 Bd7 
13.Qe2 O-O 14.O-O Re8 15.Nxc5 dxc5 16.d6 Bf8 
17.Qf3 Be6 18.Rad1 Nd7 19.Rfe1 Bxb3 20.Rd3 exd6 
21.Be3 Ne5 22.Qe4 Nxd3 23.Qxd3 Bxa2 24.g3 d5 25.c4 
Bxc4 26.Qc3 Bg7 27.Qa3 d4 28.Qxc5 dxe3 29.Qxc4 
exf2+ 30.Kxf2 Bd4+ 31.Kf1 Qf6+ 0-1

[Event "HCL-B3771"]
[Site "www.playchess.de"]
[Date "2006.02.14"]
[Round "23"]
[White "ama49"]
[Black "dc"]
[WhiteElo "1193"]
[BlackElo "892"]
[PlyCount "57"]
[Result "1-0"]

1.e4 e5 2.Nf3 Nc6 3.d4 Nf6 4.dxe5 Nxe4 5.Qe2 d5 
6.Bg5 f6 7.exf6 gxf6 8.Bh4 Bg4 9.Qe3 b6 10.Nc3 Bc5 
11.Nd4 Bxd4 12.Qd3 Nb4 13.Qb5+ Nc6 14.Qxd5 Nd6 
15.Qxc6+ Bd7 16.Qd5 Nf5 17.Qe4+ Be5 18.O-O-O Qe7 
19.Qxa8+ Kf7 20.Qxh8 Nxh4 21.Qxh7+ Ke6 22.Qxe7+ 
Kxe7 23.Ne4 Bf4+ 24.Kb1 Bf5 25.Ng3 Be6 26.Ne4 Bf5 
27.Nc3 c5 28.g3 c4 29.gxf4 1-0

[Event "HCL-B3734"]
[Site "www.playchess.de"]
[Date "2006.02.14"]
[Round "14"]
[White "newplayer"]
[Black "dc"]
[WhiteElo "1069"]
[BlackElo "919"]
[PlyCount "91"]
[Result "1-0"]

1.e4 e5 {:-)}  2.d4 {hi}  d5 3.dxe5 d4 4.a3 Bc5 
5.b4 Bb6 6.Bc4 Nh6 7.Bxh6 gxh6 8.Qf3 Be6 9.Bxe6 
fxe6 10.Qh5+ Kd7 11.Qxh6 Nc6 12.Qf4 Rf8 13.Qg3 d3 
14.c3 Bxf2+ 15.Qxf2 Rxf2 16.Kxf2 Nxe5 17.Nd2 Qh4+ 
18.g3 Rf8+ 19.Ngf3 Nxf3 20.Nxf3 Qf6 21.Ke3 Qxf3+ 
22.Kd4 b5 23.Raf1 e5+ 24.Kc5 Qe3+ 25.Kd5 c6+ 
26.Kxe5 Re8+ 27.Kf6 Qxe4 28.Rfe1 Rf8+ 29.Kg7 Qf5 
30.Rhf1 Qg6+ 31.Kxf8 d2 32.Red1 Qh6+ 33.Kg8 Ke7 
34.Rf2 a5 35.bxa5 Qg6+ 36.Kh8 Qc2 37.Rdxd2 Qxc3+ 
38.Kxh7 Ke6 39.Rde2+ Kd6 40.a6 Qxa3 41.Rf6+ Kd7 
42.Rf7+ {this game i am more awake i hope}  Kd6 
43.Rd2+ Ke6 44.Rf4 Qe7+ 45.Kh6 b4 
46.Re4+ 1-0

[Event "HCL-B3759"]
[Site "www.playchess.de"]
[Date "2006.02.14"]
[Round "16"]
[White "RUDI"]
[Black "dc"]
[WhiteElo "1210"]
[BlackElo "885"]
[PlyCount "127"]
[Result "1-0"]

1.e4 {hi again! good luck!}  d5 {Good luck to you 
too!}  2.exd5 Qxd5 3.Nc3 Qe5+ 4.Qe2 Nc6 5.Nf3 
Qxe2+ 6.Bxe2 Nf6 7.Bb5 Bd7 8.d3 O-O-O 9.O-O e6 
10.Bxc6 Bxc6 11.Ne5 Rd4 12.Nxf7 Rg8 13.Ne5 Bxg2 
14.Kxg2 Bd6 15.Nf3 Rb4 16.a3 Rg4+ 17.Kh1 h5 18.Be3 
h4 19.Nb5 Bf4 20.Bxf4 Rxf4 21.Ng5 Ng4 22.f3 a6 
23.Nc3 Ne3 24.Nxe6 Rf6 25.Nd4 Rd8 26.Nce2 g5 
27.Rfg1 c5 28.Nb3 Nxc2 29.Rac1 Rxd3 30.Rxc2 Rxb3 
31.Rxc5+ Kb8 32.Rcxg5 Rxb2 33.Nd4 Rd2 34.R5g4 h3 
35.Re1 {last move this time, it`s way past 
midnight over here}  Ra2 36.Rh4 {hello again, 
don`t worry about another game, I see you are 
already in the tournament I´m going to start 
next...}  Rxa3 37.Rxh3 Rd3 38.Re4 Rd1+ 39.Kg2 Rg6+ 
40.Rg3 Rd2+ 41.Ne2 Rh6 42.Rh3 Rg6+ 43.Kf2 b5 
44.Re7 Kc8 45.Rh8+ Rd8 46.Rxd8+ Kxd8 47.Ra7 b4 
{(offering draw)}  48.Nd4 Rd6 49.Ke3 Kc8 50.Nb3 
Kb8 {(offering draw)}  51.Rh7 Rd5 52.Ke4 Rg5 53.h4 
Rg2 54.h5 Rb2 55.Nc5 a5 56.h6 Rc2 57.Rb7+ Kc8 
58.h7 Rxc5 59.h8Q+ Kxb7 60.Qg7+ Kc6 61.Qd4 Kb5 
62.Qd7+ Kc4 63.f4 b3 64.Qd4+ 1-0

[Event "HCL-B3714"]
[Site "www.playchess.de"]
[Date "2006.02.14"]
[Round "18"]
[White "handrej68"]
[Black "Jule"]
[WhiteElo "1446"]
[BlackElo "1406"]
[PlyCount "102"]
[Result "0-1"]

1.d4 {hallo, good game}  d5 {Hello and good luck}  
2.Bg5 h6 3.Bh4 Nc6 4.e3 a6 5.Nf3 Bg4 6.Nbd2 Qd7 
7.Be2 O-O-O 8.Nb3 g5 9.Nc5 Qd6 10.c3 Nb8 11.Bg3 
Qb6 12.b4 e6 13.Ne5 Bxe2 14.Qxe2 Rh7 15.a4 Bxc5 
16.dxc5 Qa7 17.O-O Nd7 18.Nd3 Ne7 19.b5 Nxc5 
20.Nxc5 Qxc5 21.bxa6 bxa6 22.Qxa6+ Kd7 23.Qb5+ 
Qxb5 24.axb5 f5 25.b6 cxb6 26.Ra7+ Ke8 27.Rb1 Rf7 
{I wish happy Christmas. And all your wishes ´ld 
like to arrive you and your family}  28.Rxb6 Rf6 
29.Rb8 f4 30.Rxd8+ Kxd8 31.exf4 gxf4 32.Bh4 Rf7 
33.f3 Ke8 34.Kf2 Ng6 35.Ra8+ Kd7 36.Ra7+ Ke8 
37.Rxf7 Kxf7 38.Bd8 e5 39.g3 Ke6 40.Ke2 h5 41.Kd3 
Kf5 42.Bb6 e4+ 43.fxe4+ dxe4+ 44.Ke2 Kg4 45.Bc7 
f3+ 46.Kf2 Kh3 47.g4 hxg4 48.Bg3 Ne7 49.c4 Nf5 
50.Bf4 e3+ 51.Ke1 Kg2 0-1

[Event "HCL-C4153"]
[Site "www.playchess.de"]
[Date "2006.02.14"]
[Round "4"]
[White "chimiel"]
[Black "Linman2"]
[WhiteElo "1356"]
[BlackElo "1454"]
[PlyCount "58"]
[Result "0-1"]

1.e4 c5 2.d4 cxd4 3.Qxd4 Nc6 4.Qe3 d6 5.Nc3 Nf6 
6.Bd2 e6 7.O-O-O Be7 8.Bb5 O-O 9.Nf3 a6 10.Bxc6 
bxc6 11.Na4 c5 12.e5 Nd5 13.Qe4 Bd7 14.exd6 Bxd6 
15.Nc3 Nf6 16.Bg5 Nxe4 17.Bxd8 Bf4+ 18.Kb1 Nxc3+ 
19.bxc3 Rfxd8 20.Rhe1 Bc6 21.Rxd8+ Rxd8 22.g3 Bc7 
23.Ne5 Bd5 24.Rd1 Bxa2+ 25.Kc1 Rxd1+ 26.Kxd1 Bxe5 
27.Kd2 Bc4 28.f4 Bf6 29.h4 h5 0-1

[Event "HCL-C4007"]
[Site "www.playchess.de"]
[Date "2006.02.14"]
[Round "4"]
[White "ocluanain"]
[Black "cla114"]
[WhiteElo "969"]
[BlackElo "871"]
[PlyCount "87"]
[Result "1-0"]

1.Nf3 {Hello.  Good luck.}  Nc6 {hi, u too}  2.g3 
e5 3.d3 Bc5 4.e3 Nf6 5.Nc3 O-O 6.Bg2 d5 7.O-O Bf5 
8.d4 exd4 9.exd4 Bb4 10.Bd2 Qd6 11.Qe2 Ne4 12.Ng5 
Rae8 13.Bf4 Qe7 14.Nxd5 Qd7 15.c4 Nxd4 16.Qh5 h6 
17.Nxe4 Bxe4 18.Nxb4 b6 19.Rad1 a5 20.Nd5 Bg6 
21.Qh4 Ne2+ 22.Kh1 Qf5 23.Nxc7 Nxf4 24.gxf4 Rec8 
25.Rd7 Qxd7 26.Nd5 Qd6 27.Rd1 Rxc4 28.h3 Re4 29.f3 
Rxf4 30.Qxf4 Bh5 31.Qh4 g6 32.Nf6+ Qxf6 33.Qxf6 
Kh7 34.Rd6 b5 35.f4 b4 36.Be4 a4 37.Rd5 Be2 
38.Bxg6+ Kg8 39.Be4 Re8 40.Qxh6 f6 41.Qg6+ Kf8 
42.Qh6+ Ke7 43.Qg7+ Ke6 44.Qd7+ 1-0

[Event "HCL-A2527"]
[Site "www.playchess.de"]
[Date "2006.02.14"]
[Round "11"]
[White "HOTSUN"]
[Black "asskicker"]
[WhiteElo "1622"]
[BlackElo "1643"]
[PlyCount "82"]
[Result "0-1"]

1.e4 {hi again}  c5 {Hello as well. I hope I 
maintain a better position in this game!}  2.Nf3 
{no dont do that.}  Nc6 3.d4 cxd4 4.Nxd4 Nf6 
5.Nxc6 bxc6 6.Nc3 e6 7.Bg5 Be7 8.Bd3 Qa5 9.Bd2 Qc7 
10.O-O Bd6 11.h3 Rb8 12.b3 Be5 13.a4 O-O 14.f4 
Bd4+ 15.Kh1 e5 16.f5 d5 17.Qe2 a6 18.Rac1 Rd8 
19.Nd1 dxe4 20.Bxe4 Nxe4 21.Qxe4 f6 22.Be3 Bxe3 
23.Nxe3 Rd4 24.Qf3 Bb7 25.Ng4 c5 26.Qe2 c4 27.Rcd1 
{you've been generous in your other games in this 
group have'nt you.can i have a bishop or a knight 
as well please.}  cxb3 {So sorry out of knights.  
Be patient; I am sure the bishop will come for a 
visit :>)}  28.Rxd4 {jolly good}  exd4 29.cxb3 Qg3 
30.Kg1 Qxb3 31.Qe6+ Qxe6 32.fxe6 Be4 33.Rd1 Rb4 
34.Rc1 Kf8 35.Rc7 Rb7 36.Rc4 Rb1+ 37.Kh2 Rb2 
38.Kg3 Rxg2+ 39.Kf4 Re2 40.Ne3 Rxe3 41.Rxd4 
Rxh3 0-1

[Event "HCL-B3839"]
[Site "www.playchess.de"]
[Date "2006.02.14"]
[Round "1"]
[White "Sporang"]
[Black "Marvinni"]
[WhiteElo "1031"]
[BlackElo "1798"]
[PlyCount "70"]
[Result "0-1"]

1.d4 Nf6 2.Bg5 e6 3.e4 Be7 4.e5 Nd5 5.Bxe7 Qxe7 
6.Nf3 Nc6 7.Bb5 O-O 8.O-O a6 9.Bxc6 dxc6 10.c3 Bd7 
11.Qd2 h6 12.c4 Nb6 13.b3 Rad8 14.a4 c5 15.a5 Na8 
16.d5 Bc6 17.Nc3 b5 18.Qe2 exd5 19.cxb5 axb5 
20.Nxb5 Bb7 21.a6 Bc6 22.Rfe1 Nb6 23.Nd2 Rda8 
24.Nc3 d4 25.Nb5 Nd5 26.Rec1 Qg5 27.Qe4 Nb4 28.Nf3 
Bxe4 29.Nxg5 hxg5 30.Nxc7 Ra7 31.Rxc5 Rc8 32.Rc4 
Raxc7 33.Rxc7 Rxc7 34.a7 Ba8 35.Ra4 
Rc1+ 0-1

[Event "ACL-A655"]
[Site "www.playchess.de"]
[Date "2006.02.14"]
[Round "16"]
[White "novice1"]
[Black "PrinceKheldar"]
[WhiteElo "1500"]
[BlackElo "1868"]
[PlyCount "29"]
[Result "1-0"]

1.e4 c5 2.Bc4 e6 3.Nf3 Nc6 4.Nc3 Nf6 5.d4 cxd4 
6.Nxd4 Bb4 7.a3 Bxc3+ 8.bxc3 Qa5 9.Bd2 Nxe4 10.O-O 
Nxd4 11.cxd4 Nxd2 12.Qg4 O-O 13.Bd3 Nxf1 14.Kxf1 
Qc3 15.Re1 1-0

[Event "HCL-E1525"]
[Site "www.playchess.de"]
[Date "2006.02.14"]
[Round "4"]
[White "BohdanL"]
[Black "Toni76"]
[WhiteElo "1499"]
[BlackElo "1840"]
[PlyCount "80"]
[Result "0-1"]

1.c4 {hi, have a nice game}  Nf6 {Hi, nice to meet 
you, good luck}  2.Nf3 e6 3.g3 d5 4.d4 Be7 5.Bg2 
O-O 6.O-O dxc4 7.Qc2 a6 8.Qxc4 b5 9.Qc2 Bb7 10.Bg5 
Nbd7 11.Bxf6 Bxf6 12.Nbd2 Rc8 13.Nb3 Ba8 14.Rfd1 
Qe7 15.Rac1 Bd5 16.e4 Bxb3 17.axb3 c5 18.e5 Bg5 
19.Nxg5 Qxg5 20.Qe4 cxd4 21.Rxc8 Rxc8 22.Qxd4 Nf8 
23.Bb7 Rc1 24.f4 Rxd1+ 25.Qxd1 Qe7 26.Qf3 g5 
27.Be4 gxf4 28.Qg4+ Ng6 29.gxf4 Qc5+ 30.Kg2 Qc1 
31.f5 Qxb2+ 32.Kg1 Qd4+ 33.Kf1 exf5 34.Bxf5 Qxg4 
35.Bxg4 Nxe5 36.Bc8 a5 37.Ba6 a4 38.bxa4 bxa4 
39.Bb7 a3 40.Bd5 Nd3 0-1